<?xml version="1.0" encoding="UTF-8"?>
<collection xmlns="http://www.loc.gov/MARC21/slim">
 <record>
  <leader>02984naa a2200265 i 4500</leader>
  <controlfield tag="001">acta89395</controlfield>
  <controlfield tag="005">20260212105854.0</controlfield>
  <controlfield tag="008">260212s2024    hu      o     000   hun d</controlfield>
  <datafield tag="020" ind1=" " ind2=" ">
   <subfield code="a">978-963-306-998-1</subfield>
  </datafield>
  <datafield tag="022" ind1=" " ind2=" ">
   <subfield code="a">3057-9465</subfield>
  </datafield>
  <datafield tag="040" ind1=" " ind2=" ">
   <subfield code="a">SZTE Egyetemi Kiadványok Repozitórium</subfield>
   <subfield code="b">hun</subfield>
  </datafield>
  <datafield tag="041" ind1=" " ind2=" ">
   <subfield code="a">hun</subfield>
  </datafield>
  <datafield tag="041" ind1=" " ind2=" ">
   <subfield code="a">eng</subfield>
  </datafield>
  <datafield tag="100" ind1="1" ind2=" ">
   <subfield code="a">Mihály Csilla</subfield>
  </datafield>
  <datafield tag="245" ind1="1" ind2="0">
   <subfield code="a">Emberi és animális lét határán</subfield>
   <subfield code="h">[elektronikus dokumentum] :</subfield>
   <subfield code="b">megjegyzések Franz Kafka Az átváltozás című elbeszéléséhez /</subfield>
   <subfield code="c"> Mihály Csilla</subfield>
  </datafield>
  <datafield tag="260" ind1=" " ind2=" ">
   <subfield code="a">SZTE BTK Animalia Kutatóközpont</subfield>
   <subfield code="b">Szeged</subfield>
   <subfield code="c">2024</subfield>
  </datafield>
  <datafield tag="300" ind1=" " ind2=" ">
   <subfield code="a">90-102</subfield>
  </datafield>
  <datafield tag="490" ind1="0" ind2=" ">
   <subfield code="a">Animalia eBooks</subfield>
   <subfield code="v">1</subfield>
  </datafield>
  <datafield tag="490" ind1="0" ind2=" ">
   <subfield code="a">Állati jelképek : irodalmi és művészettörténeti mozaikok</subfield>
   <subfield code="v">1</subfield>
  </datafield>
  <datafield tag="520" ind1="3" ind2=" ">
   <subfield code="a">Franz Kafka a klasszikus modernitás azon szerzői közé tartozik, akiknek műveiben különösen jelentős szerepet játszanak az állatfigurák. A tanulmány Az átváltozással, az író egyik legismertebb és legeltérőbb szempontok alapján értelmezett elbeszélésével foglalkozik. Arra a kérdésre keres választ, hogy ténylegesen megtörténik-e Gregor rovarrá változása, s ha igen, a létrejött lény megfeleltethető-e egy konkrét állatfajnak. Az értelmezés nyilvánvalóvá teszi, hogy Gregor mindvégig megőrzi emberi vonásait, ahogyan az is könnyen belátható, hogy a sajátos emberi-animális kreatúra csak fikcionálisan létező teremtmény, a valóságra nem vetíthető vissza és egyetlen állattal sem azonosítható ellentmondásmentesen. A dolgozat amellett érvel, hogy Gregor tényleges szerepe az emberi és állati létezés határán a mű konstrukciós elveinek segítségével, az életből való kiválás kívánásával, a halál elfogadásának belátásával magyarázható kielégítő módon.  Franz Kafka was one of the classical modern authors who gave strikingly prominent roles to animal figures in his works. This paper focuses on The Metamorphosis, one of the most famous and most controversially interpreted of the writer's narratives. The paper seeks to answer whether Gregor's transformation into an insect takes place in actuality and, if so, whether this creature can be identified with a specific animal species. The analysis infers that Gregor retains his human traits throughout the novella and that the specific human-animal creature that emerges is a fictional creature not reducible to reality and not identifiable without contradiction with any real animal. The paper argues that Gregor's actual role on the borders of human and animal existence can only be satisfactorily explained through the constructive principles of the work and by the insight of the acceptance of death and the withdrawal from life.</subfield>
  </datafield>
  <datafield tag="650" ind1=" " ind2="4">
   <subfield code="a">Bölcsészettudományok</subfield>
  </datafield>
  <datafield tag="650" ind1=" " ind2="4">
   <subfield code="a">Nyelvek és irodalom</subfield>
  </datafield>
  <datafield tag="695" ind1=" " ind2=" ">
   <subfield code="a">Állatábrázolás - irodalmi, Osztrák irodalom története - 20. sz.</subfield>
  </datafield>
  <datafield tag="700" ind1="0" ind2="1">
   <subfield code="a">Kafka Franz</subfield>
  </datafield>
  <datafield tag="856" ind1="4" ind2="0">
   <subfield code="u">http://acta.bibl.u-szeged.hu/89395/1/animalia_001_090-102.pdf</subfield>
   <subfield code="z">Dokumentum-elérés </subfield>
  </datafield>
 </record>
</collection>
